Loading...
| Current Events | 1 | 10.00 | 100% | 0% | 0% |
| Fine Arts - Classical Music | 4 | 12.50 | 75% | 50% | 0% |
| Fine Arts - Other Fine Arts | 4 | 10.00 | 100% | 0% | 0% |
| Fine Arts - Painting and Sculpture | 6 | 11.67 | 100% | 17% | 0% |
| Geography | 1 | 10.00 | 100% | 0% | 0% |
| History - American History | 3 | 16.67 | 100% | 67% | 0% |
| History - European History | 3 | 13.33 | 100% | 33% | 0% |
| History - Other History | 6 | 10.00 | 100% | 0% | 0% |
| History - World History | 5 | 14.00 | 80% | 40% | 20% |
| Literature - American Literature | 5 | 10.00 | 80% | 20% | 0% |
| Literature - British Literature | 8 | 10.00 | 88% | 13% | 0% |
| Literature - European Literature | 6 | 11.67 | 83% | 33% | 0% |
| Literature - World Literature | 5 | 14.00 | 100% | 40% | 0% |
| Mythology | 7 | 15.71 | 100% | 57% | 0% |
| Other Academic | 1 | 20.00 | 100% | 100% | 0% |
| Philosophy | 4 | 17.50 | 100% | 75% | 0% |
| Religion | 6 | 10.00 | 83% | 17% | 0% |
| Science - Biology | 5 | 20.00 | 100% | 60% | 40% |
| Science - Chemistry | 3 | 6.67 | 67% | 0% | 0% |
| Science - Other Science | 4 | 10.00 | 75% | 25% | 0% |
| Science - Physics | 2 | 10.00 | 50% | 50% | 0% |
| Social Science | 3 | 13.33 | 100% | 33% | 0% |